| 000 | 01053cam a22002771i 4500 | ||
|---|---|---|---|
| 003 | SA-RiAUC | ||
| 005 | 20250418143626.0 | ||
| 008 | 250410s1998 su g 000 0cara c | ||
| 040 |
_aJO-IrYU _bara _cSA-RiAUC _erda |
||
| 050 | 4 | _b.Z57 1998 | |
| 082 | 0 | 4 | _a920 |
| 090 |
_a920 _b ع ل ا |
||
| 100 | 1 |
_aالعلاونة، أحمد، _d1966- _eمؤلف. |
|
| 245 | 1 | 0 |
_aذيل الأعلام : _bقاموس تراجم لأشهر الرجال والنساء من العرب والمستعربين والمستشرقين / _cأحمد العلاونة. |
| 250 | _aالطبعة الأولى. | ||
| 264 | 1 |
_aجدة، السعودية : _bدار المنارة، _c1998 |
|
| 300 |
_a368 صفحة؛ _c30 سم |
||
| 336 |
_aنص _btxt _2rdacontent _3كتاب |
||
| 337 |
_aبدون وسيط _bn _2rdamedia |
||
| 338 |
_aمجلد _bnc _2rdacarrier |
||
| 650 | 7 |
_aتراجم _2aucsh |
|
| 700 | 1 | 2 |
_aالزركلي، خير الدين، _d1893-1976 |
| 740 | 2 | 2 | _aالأعلام. |
| 942 |
_2ddc _cBOOK _n0 |
||
| 949 |
_aSA-JeALM _d250410 _umohamedma123 _n1 |
||
| 999 |
_c7180 _d7180 |
||